000 00648nam a2200205 a 4500
001 000007396
005 20200929154145.0
008 090908s2000 dr a 001 0 spa d
040 _aDO-SdBNP
082 _a540
_bO96c
100 1 _aOviedo C, Ramón
_920551
245 1 0 _aConceptos fundamentales de química /
_cRamón Oviedo C.
260 _aSanto Domingo, :
_bUniversidad Autónoma de Santo Domingo,
_c2000.
300 _a397 p. :
_bil ;
_c22 cm.
504 _aIncluye referencias bibliográficas
650 4 _aQuímica
_xEnseñanza superior
_920552
650 4 _aElementos químicos
_920553
650 4 _aElectroquímica
_920554
049 _aBNPD
999 _c7177
_d7177